000
00315nam a2200097Ia 4500
008
171204s9999 xx 000 0 und d
245
_a
Southeast Asian Cartoon Art: History, Trends and Problems:
260
_c
2014
650
_x
Traditional Cartoon Animation
856
_u
http://down.ebook777.com/058/9780786475575.pdf
999
_c
346344
_d
346344